Copy That Letter! - Statistics

General Stats
  • This quiz has been taken 42 times
  • The average score is 24 of 26
Answer Stats
Hint Answer % Correct
F F
97%
Z Z
97%
E E
94%
K K
94%
P P
94%
S S
94%
V V
94%
W W
94%
B B
91%
C C
91%
D D
91%
G G
91%
H H
91%
I I
91%
L L
91%
M M
91%
N N
91%
O O
91%
R R
91%
T T
91%
U U
91%
X X
91%
Y Y
91%
A A
88%
J J
88%
Q Q
88%
No matching quizzes found
Score Distribution
Percent of People with Each Score
Percentile by Number Answered
Your Score History
You have not taken this quiz